Living a healthy lifestyle starts today ! : (Record no. 7556)

MARC details
000 -LEADER
fixed length control field 00575 a2200169 4500
010 ## - LCCN (DPL NO)
LC control number ENG-88079
020 ## - INTERNATIONAL STANDARD BOOK NUMBER
International Standard Book Number 8189877038
Terms of availability 200.00
035 ## - SYSTEM CONTROL NUMBER
System control number EN-71612
037 ## - SOURCE OF ACQUISITION
Source of stock number/acquisition DBAD / PUB
082 14 - DEWEY DECIMAL CLASSIFICATION NUMBER
Classification number 613.0433
100 1# - MAIN ENTRY--PERSONAL NAME
Personal name Hulle, Suzanne Van
245 1# - TITLE STATEMENT
Title Living a healthy lifestyle starts today ! :
Remainder of title a guide for adolescents /
Statement of responsibility, etc by Suzanne Van Hulle
260 ## - PUBLICATION, DISTRIBUTION, ETC. (IMPRINT)
Place of publication, distribution, etc New Delhi
Name of publisher, distributor, etc Voluntary Health Association of india
Date of publication, distribution, etc 2006
270 ## - ADDRESS
Address B-40, Qutab Institutional Area
City New Delhi
Postal code 110 016
300 ## - PHYSICAL DESCRIPTION
Extent 104 p.
Dimensions 26 cm (Pbk)
942 ## - ADDED ENTRY ELEMENTS (KOHA)
Institution code [OBSOLETE] dpl
Item type English Books
Source of classification or shelving scheme Dewey Decimal Classification
Classification part 613.0433
Call number suffix HUL
Holdings
Withdrawn status Lost status Not for loan Collection code Home library Current library Source of acquisition Cost, normal purchase price Full call number Barcode Copy number Cost, replacement price Koha item type
    Not For Loan Non-fiction D.B.Act.Division D.B.Act.Division DBAD/PUB 200.00 613.0433 HUL EN-71612 1 200.00 English Books

© Delhi Public Library
Hit Counter
free hit counter